[Event "Hamburg ch"]
[Site "?"]
[Date "1997.??.??"]
[Round "4"]
[White "Breyther, R."]
[Black "Putzbach, G."]
[Result "1-0"]
[WhiteElo "2415"]
[BlackElo "2255"]
[PlyCount "121"]
[EventDate "1997.??.??"]

1. e4 e6 2. d4 d5 3. Nd2 Nf6 4. e5 Nfd7 5. c3 c5 6. Bd3 Nc6 7. Ne2 cxd4 8. cxd4
f6 9. exf6 Nxf6 10. Nf3 Bd6 11. O-O Qc7 12. Nc3 a6 13. Bg5 O-O 14. Rc1 Nh5 15.
Re1 Qf7 16. Bh4 g6 17. Bf1 Qg7 18. Bg5 Bd7 19. g3 Rxf3 20. Qxf3 Nxd4 21. Qd1
Rf8 22. Bg2 Bc6 23. Qd3 Rf5 24. Be3 Nf3+ 25. Bxf3 Rxf3 26. Qd1 Rf5 27. Bb6 Re5
28. Rxe5 Bxe5 29. Qg4 Qf6 30. Re1 Ng7 31. Bd8 Qxd8 32. Rxe5 Qd6 33. Qf4 Nh5 34.
Qd4 Nf6 35. f4 Ne8 36. g4 Nf6 37. Ne4 Nxe4 38. Rxe4 Qe7 39. Re3 Qh4 40. Rg3 Qd8
41. f5 Qd6 42. Re3 exf5 43. gxf5 Bd7 44. Re5 gxf5 45. Rxd5 Qg6+ 46. Kf2 Bc6 47.
Rd8+ Kf7 48. Qc4+ Ke7 49. Qh4+ Kf7 50. Qg3 Be8 51. Qc7+ Kf8 52. Qxb7 Qf6 53.
Qb4+ Kf7 54. Qd4 Qe7 55. Ra8 Qg5 56. Ra7+ Kg8 57. Qd5+ Kf8 58. Qd6+ Kg8 59. Qg3
Qxg3+ 60. hxg3 Bb5 61. Ke3 1-0

[Event "Hamburg ch"]
[Site "?"]
[Date "1997.??.??"]
[Round "5"]
[White "Buhr, CC."]
[Black "Rogozenko, D."]
[Result "1/2-1/2"]
[WhiteElo "2290"]
[BlackElo "2530"]
[PlyCount "127"]
[EventDate "1997.??.??"]

1. d4 Nf6 2. c4 d6 3. Nc3 Nbd7 4. Nf3 g6 5. g3 Bg7 6. Bg2 O-O 7. O-O e5 8. e4
c6 9. h3 Ne8 10. Be3 f5 11. dxe5 dxe5 12. Qd2 Qf6 13. Rfe1 Nd6 14. b3 Nf7 15.
Ne2 Re8 16. Ng5 Nf8 17. Rad1 Nxg5 18. Bxg5 Qf7 19. Bh6 Bf6 20. Be3 Ne6 21. Qc1
h5 22. Qc2 Bg7 23. f4 exf4 24. Nxf4 Nxf4 25. Bxf4 h4 26. exf5 Bxf5 27. Rxe8+
Rxe8 28. Qf2 hxg3 29. Bxg3 a6 30. Kh2 Qe7 31. Rd6 Qe2 32. Rd8 Qxf2 33. Rxe8+
Kf7 34. Bxf2 Kxe8 35. b4 Bd3 36. b5 axb5 37. cxb5 Bxb5 38. Be4 Kf7 39. Kg3 Be5+
40. Kg4 Bc4 41. a4 Be6+ 42. Kg5 Bf6+ 43. Kh6 Bf5 44. Bg2 Bg7+ 45. Kg5 Bc3 46.
Bb6 Bd2+ 47. Kh4 Bf4 48. a5 Ke6 49. a6 bxa6 50. Bxc6 g5+ 51. Kh5 Bxh3 52. Bb7
Bf1 53. Bc8+ Kd6 54. Bg4 Bc4 55. Bd8 Bf7+ 56. Kh6 Bb3 57. Be2 g4+ 58. Kh5 g3
59. Bxa6 g2 60. Bb6 Be6 61. Bb7 Bd5 62. Kg4 Ke5 63. Bxd5 Kxd5 64. Kxf4 1/2-1/2

[Event "Hamburg ch"]
[Site "?"]
[Date "1997.??.??"]
[Round "5"]
[White "Movsziszian, K."]
[Black "Fries Nielsen, JO."]
[Result "1/2-1/2"]
[WhiteElo "2490"]
[BlackElo "2415"]
[PlyCount "60"]
[EventDate "1997.??.??"]

1. g3 d5 2. Bg2 e5 3. c4 d4 4. d3 Bb4+ 5. Bd2 a5 6. Nf3 Nc6 7. O-O Nf6 8. Na3
O-O 9. Nc2 Bxd2 10. Qxd2 Re8 11. Rfd1 h6 12. Qe1 Qd6 13. b3 Nb4 14. Qd2 c5 15.
a3 Nxc2 16. Qxc2 Bd7 17. Nd2 Bc6 18. Bxc6 Qxc6 19. b4 cxb4 20. axb4 axb4 21.
Qb3 Rxa1 22. Rxa1 e4 23. dxe4 Nxe4 24. Nxe4 Qxe4 25. Ra2 Qe7 26. Rb2 Qc5 27.
Qxb4 Qxb4 28. Rxb4 Rxe2 29. Rxb7 d3 30. Rd7 Rc2 1/2-1/2

[Event "Hamburg ch"]
[Site "?"]
[Date "1997.??.??"]
[Round "5"]
[White "Gustafsson, J."]
[Black "Murdzia, P."]
[Result "0-1"]
[WhiteElo "2355"]
[BlackElo "2425"]
[PlyCount "104"]
[EventDate "1997.??.??"]

1. d4 Nf6 2. c4 e6 3. Nc3 Bb4 4. e3 c5 5. Nge2 b6 6. a3 Ba5 7. Bd2 O-O 8. Ng3
Bb7 9. Rb1 cxd4 10. exd4 Bxc3 11. Bxc3 a5 12. b4 axb4 13. axb4 b5 14. c5 Nd5
15. Bd2 Bc6 16. Bd3 f5 17. O-O Qh4 18. Ne2 Na6 19. f3 Nac7 20. Ra1 g5 21. Qb3
g4 22. Rxa8 Rxa8 23. Bb1 Nf6 24. g3 Qh5 25. Nf4 Qf7 26. fxg4 Nxg4 27. Bd3 Qf6
28. Bc3 Nd5 29. Bb2 Ra4 30. Be2 Rxb4 31. Qa3 Nge3 32. Nxd5 Nxd5 33. Bf3 Rc4 34.
Qb3 Qh6 35. Re1 Rb4 36. Qc2 Rc4 37. Qf2 Ra4 38. Bd1 Ra8 39. Bb3 Qh3 40. Re5 Qg4
41. Qd2 Rf8 42. Bd1 Qg6 43. Bf3 Rb8 44. Kf2 b4 45. g4 Rf8 46. g5 h6 47. h4 hxg5
48. hxg5 Kf7 49. Re1 Rh8 50. Rh1 Rxh1 51. Bxh1 Qh5 52. Bg2 Qh2 0-1

[Event "Hamburg ch"]
[Site "?"]
[Date "1997.??.??"]
[Round "5"]
[White "Berg, K."]
[Black "von Buelow, G."]
[Result "1-0"]
[WhiteElo "2410"]
[BlackElo "2290"]
[PlyCount "83"]
[EventDate "1997.??.??"]

1. d4 Nf6 2. c4 g6 3. Nc3 Bg7 4. Nf3 O-O 5. Bg5 d6 6. e3 h6 7. Bh4 Nbd7 8. Qc2
g5 9. Bg3 Nh5 10. Be2 e6 11. Nd2 Nxg3 12. hxg3 f5 13. Nb3 Qe7 14. d5 Nb6 15.
O-O-O c6 16. dxe6 Bxe6 17. Nd4 Bd7 18. Qb3 Kh8 19. Bd3 Rab8 20. Bb1 Rf7 21. Rh5
Nc8 22. Rdh1 Kg8 23. Qc2 Qe5 24. Qd3 Ne7 25. f4 gxf4 26. gxf4 Qf6 27. g4 b5 28.
cxb5 c5 29. g5 hxg5 30. fxg5 Qe5 31. Nf3 Qe6 32. Rh6 Bxh6 33. Rxh6 Ng6 34. a4
c4 35. Qd4 Rg7 36. Nh4 Rf8 37. Nxg6 Rxg6 38. Ba2 d5 39. Rh8+ Kf7 40. Rh7+ Ke8
41. Nxd5 Kd8 42. Nf4 1-0

[Event "Hamburg ch"]
[Site "?"]
[Date "1997.??.??"]
[Round "5"]
[White "Bach, M."]
[Black "Voigt, M."]
[Result "1-0"]
[WhiteElo "2305"]
[BlackElo "2235"]
[PlyCount "63"]
[EventDate "1997.??.??"]

1. d4 d5 2. c4 c6 3. Nc3 Nf6 4. Nf3 e6 5. g3 Nbd7 6. Bg2 Be7 7. O-O dxc4 8. e4
O-O 9. Bg5 e5 10. dxe5 Ng4 11. Bf4 Qa5 12. e6 fxe6 13. e5 Ndxe5 14. Nxe5 Nxe5
15. Qh5 Rf5 16. Qe8+ Bf8 17. Be4 Rf6 18. Qh5 Rf5 19. Bxf5 exf5 20. Bxe5 Qxe5
21. Rae1 Qf6 22. Re8 Qf7 23. Qe2 b5 24. Rd1 Bb7 25. Rxa8 Bxa8 26. Rd8 Bb7 27.
Qe5 f4 28. Ne4 fxg3 29. hxg3 c3 30. bxc3 Qf3 31. Ng5 Qf6 32. Ne6 1-0

[Event "Hamburg ch"]
[Site "?"]
[Date "1997.??.??"]
[Round "5"]
[White "Lindinger, M."]
[Black "Engelbert, C."]
[Result "1-0"]
[WhiteElo "2145"]
[BlackElo "2255"]
[PlyCount "73"]
[EventDate "1997.??.??"]

1. d4 g6 2. e4 Bg7 3. c4 d6 4. Nc3 e5 5. dxe5 dxe5 6. Qxd8+ Kxd8 7. Bg5+ f6 8.
Rd1+ Nd7 9. Be3 c6 10. g3 Nh6 11. Bh3 Kc7 12. f4 Re8 13. Nf3 Nf7 14. O-O exf4
15. gxf4 Nb6 16. Bxb6+ axb6 17. Bxc8 Raxc8 18. Nd4 f5 19. e5 Nd8 20. Nd5+ cxd5
21. Nb5+ Kb8 22. Nd6 Ne6 23. Nxe8 Rxe8 24. cxd5 Nc5 25. b4 Na6 26. d6 Nxb4 27.
Rfe1 Nc6 28. e6 Bf6 29. e7 Nxe7 30. Re6 Bh4 31. Kg2 Rd8 32. Kh3 Nc6 33. Kxh4
Rd7 34. Re8+ Ka7 35. Kg5 Nd8 36. Re7 Nf7+ 37. Rxf7 1-0

[Event "Hamburg ch"]
[Site "?"]
[Date "1997.??.??"]
[Round "5"]
[White "Heinemann, T."]
[Black "Maahs, E."]
[Result "1-0"]
[WhiteElo "2425"]
[BlackElo "2235"]
[PlyCount "71"]
[EventDate "1997.??.??"]

1. e4 d5 2. exd5 Nf6 3. Bb5+ Bd7 4. Bc4 Bg4 5. f3 Bf5 6. Nc3 Nbd7 7. Qe2 Nb6 8.
Bb3 a6 9. Qe5 Bc8 10. d3 Nbd7 11. Qd4 b6 12. Ne4 Bb7 13. Bf4 b5 14. a4 c6 15.
dxc6 Bxc6 16. Nxf6+ gxf6 17. Qc3 Rc8 18. axb5 axb5 19. d4 Rg8 20. Qd2 e5 21.
Bg3 h5 22. Nh3 Nb6 23. O-O Qd7 24. Kh1 Rd8 25. c3 b4 26. Qe3 Bd5 27. Bxd5 Nxd5
28. Qe1 bxc3 29. bxc3 Rc8 30. dxe5 f5 31. Nf4 Nxc3 32. Nxh5 Be7 33. Nf6+ Bxf6
34. exf6+ Kf8 35. Ra7 Qe6 36. Qxe6 1-0

[Event "Hamburg ch"]
[Site "?"]
[Date "1997.??.??"]
[Round "5"]
[White "Ritscher, JP."]
[Black "Bathke, J."]
[Result "1/2-1/2"]
[WhiteElo "2320"]
[BlackElo "2235"]
[PlyCount "95"]
[EventDate "1997.??.??"]

1. e4 c5 2. Nf3 d6 3. d4 cxd4 4. Nxd4 Nf6 5. Nc3 g6 6. Be2 Bg7 7. O-O O-O 8.
Be3 Nc6 9. Qd2 Ng4 10. Bxg4 Bxg4 11. f4 Bd7 12. Rad1 Rc8 13. h3 Nxd4 14. Bxd4
Bxd4+ 15. Qxd4 a6 16. e5 Bc6 17. exd6 exd6 18. Rf2 Re8 19. f5 d5 20. Qf4 g5 21.
Qd4 Qe7 22. f6 Qe5 23. Nxd5 Bxd5 24. Qxd5 Qxd5 25. Rxd5 h6 26. Rd7 b5 27. h4
Rc4 28. hxg5 hxg5 29. Rf5 Rg4 30. Rdd5 Re2 31. Rxg5+ Rxg5 32. Rxg5+ Kh7 33.
Rg7+ Kh6 34. Rxf7 Kg6 35. Ra7 Rxc2 36. Rxa6 Rxb2 37. Kh2 b4 38. Kh3 b3 39. axb3
Rxb3+ 40. g3 Rf3 41. Kh4 Rf1 42. g4 Rh1+ 43. Kg3 Rf1 44. f7+ Kxf7 45. Kh4 Kg7
46. Kh5 Rf7 47. g5 Rb7 48. Rc6 1/2-1/2

[Event "Hamburg ch"]
[Site "?"]
[Date "1997.??.??"]
[Round "5"]
[White "Neffe, A."]
[Black "Meyer, F."]
[Result "1-0"]
[WhiteElo "2230"]
[BlackElo "2290"]
[PlyCount "53"]
[EventDate "1997.??.??"]

1. e4 c5 2. Nf3 f5 3. exf5 d5 4. Bb5+ Bd7 5. Qe2 Nf6 6. b3 Nc6 7. Ba3 Ne4 8.
O-O Qa5 9. Bxc6 bxc6 10. d3 Nd6 11. Qd2 Qxd2 12. Nbxd2 Nb7 13. Nh4 g5 14. fxg6
Bg7 15. Rae1 Bf6 16. Ndf3 hxg6 17. Nxg6 Rg8 18. Nf4 Bc3 19. Re3 O-O-O 20. Ne6
Rde8 21. Nxc5 d4 22. Re5 Bg4 23. Ng5 Bd2 24. Nce4 Bf4 25. Rxe7 Rd8 26. Bc1 Bxg5
27. Bxg5 1-0

[Event "Hamburg ch"]
[Site "?"]
[Date "1997.??.??"]
[Round "5"]
[White "Pajeken, W."]
[Black "Kroencke, M."]
[Result "1-0"]
[WhiteElo "2260"]
[BlackElo "2185"]
[PlyCount "99"]
[EventDate "1997.??.??"]

1. d4 d5 2. c4 e6 3. Nc3 Nf6 4. cxd5 exd5 5. Bg5 Be7 6. e3 c6 7. Qc2 Nbd7 8.
Bd3 O-O 9. Nf3 Re8 10. O-O Nf8 11. h3 Be6 12. Rfc1 Rc8 13. Na4 Rc7 14. Nc5 Bc8
15. Rab1 Nh5 16. Bxe7 Qxe7 17. b4 g6 18. Qd1 Ng7 19. Rb3 Bf5 20. Bf1 h5 21.
Rbc3 Rec8 22. Qb3 Be6 23. b5 cxb5 24. Bxb5 b6 25. Na6 Rxc3 26. Rxc3 Rxc3 27.
Qxc3 Nh7 28. Ne5 Nf6 29. Qc7 Nf5 30. Nc6 Qxc7 31. Nxc7 a5 32. Nd8 Bc8 33. Na8
Nd6 34. Nxb6 Nxb5 35. Nxc8 Nc3 36. a3 a4 37. Nb6 Nb5 38. Nxa4 Nxa3 39. Nc6 Nb5
40. Kf1 Nc7 41. Ke2 Nd7 42. Kd3 f6 43. Kc3 Kf7 44. Kb4 g5 45. Ka5 f5 46. Nc5
Nf6 47. Kb6 Nce8 48. Nb4 h4 49. Kc6 Ng4 50. Ncd3 1-0

[Event "Hamburg ch"]
[Site "?"]
[Date "1997.??.??"]
[Round "5"]
[White "Gara, A."]
[Black "Schueler, W."]
[Result "1/2-1/2"]
[WhiteElo "2285"]
[BlackElo "2190"]
[PlyCount "108"]
[EventDate "1997.??.??"]

1. e4 d6 2. d4 Nf6 3. Nc3 g6 4. f4 Bg7 5. Nf3 O-O 6. Bd3 Bg4 7. h3 Bxf3 8. Qxf3
Nc6 9. Be3 Nb4 10. Rd1 c6 11. O-O Qc7 12. g4 Nxd3 13. Rxd3 b5 14. e5 Nd5 15.
Nxd5 cxd5 16. Rc3 Qb7 17. exd6 e6 18. f5 Rfc8 19. Rxc8+ Rxc8 20. c3 Qd7 21.
fxe6 fxe6 22. Bf4 Bf8 23. Kg2 b4 24. Be5 bxc3 25. bxc3 Bxd6 26. Bxd6 Qxd6 27.
Qf7+ Kh8 28. g5 Rc7 29. Qe8+ Kg7 30. Rf6 Qe7 31. Qb8 h6 32. h4 hxg5 33. hxg5
Rxc3 34. Qe5 Qc7 35. Rxe6+ Qxe5 36. dxe5 Rc2+ 37. Kf3 Rxa2 38. Re7+ Kf8 39. Rd7
Ra3+ 40. Kf2 Ra2+ 41. Ke3 Ra5 42. Kd4 a6 43. e6 Ra1 44. Ke5 Re1+ 45. Kf6 Rf1+
46. Kxg6 Ke8 47. Rxd5 Ke7 48. Re5 Rc1 49. Kh6 a5 50. g6 Rh1+ 51. Rh5 Rg1 52. g7
Kf6 53. Rxa5 Rg6+ 54. Kh5 Rxg7 1/2-1/2

[Event "Hamburg ch"]
[Site "?"]
[Date "1997.??.??"]
[Round "6"]
[White "Rogozenko, D."]
[Black "Lindinger, M."]
[Result "1-0"]
[WhiteElo "2530"]
[BlackElo "2145"]
[PlyCount "79"]
[EventDate "1997.??.??"]

1. d4 d5 2. c4 c6 3. Nf3 Nf6 4. Nc3 e6 5. Bg5 dxc4 6. e4 b5 7. e5 h6 8. Bh4 g5
9. Nxg5 hxg5 10. Bxg5 Nbd7 11. g3 Bb7 12. Bg2 Qb6 13. exf6 O-O-O 14. O-O c5 15.
d5 b4 16. Na4 Qb5 17. a3 exd5 18. axb4 d4 19. bxc5 Nxc5 20. Nxc5 Bxc5 21. Qa4
a6 22. Rfc1 Bxg2 23. Kxg2 Qb7+ 24. Kg1 Rdg8 25. Rxc4 Rxg5 26. Rac1 Kb8 27. Rxc5
Rxc5 28. Rxc5 Qxb2 29. Qc6 Qb7 30. Qd6+ Ka8 31. Qxd4 Re8 32. Qd5 Re1+ 33. Kg2
Re6 34. h4 Rxf6 35. g4 Rd6 36. Qxb7+ Kxb7 37. Rf5 f6 38. h5 Kb6 39. h6 a5 40.
h7 1-0

[Event "Hamburg ch"]
[Site "?"]
[Date "1997.??.??"]
[Round "6"]
[White "Movsziszian, K."]
[Black "Berg, K."]
[Result "1-0"]
[WhiteElo "2490"]
[BlackElo "2410"]
[PlyCount "77"]
[EventDate "1997.??.??"]

1. d4 Nf6 2. c4 c5 3. d5 b5 4. cxb5 a6 5. e3 axb5 6. Bxb5 Qa5+ 7. Nc3 Bb7 8.
Nge2 Nxd5 9. O-O Nxc3 10. Nxc3 e6 11. e4 Bxe4 12. Bxd7+ Nxd7 13. Nxe4 Qa4 14.
Qe2 Be7 15. b3 Qc6 16. Qg4 g6 17. Qf3 Ra6 18. Bh6 f5 19. Qc3 Rg8 20. Ng5 Bf6
21. Qc4 Bxa1 22. Rxa1 Ne5 23. Qf4 Qd6 24. Re1 Nd3 25. Rxe6+ Qxe6 26. Qb8+ Ke7
27. Qb7+ Qd7 28. Qxa6 Rc8 29. Nxh7 Rc6 30. Qa8 Rc8 31. Qf3 Ne5 32. Qe2 Qd4 33.
h3 Kf7 34. Qa6 Qd7 35. Qf6+ Kg8 36. Nf8 Qc7 37. Nxg6 Nxg6 38. Qxg6+ Kh8 39. Bg5
1-0

[Event "Hamburg ch"]
[Site "?"]
[Date "1997.??.??"]
[Round "6"]
[White "Murdzia, P."]
[Black "Bach, M."]
[Result "1-0"]
[WhiteElo "2425"]
[BlackElo "2305"]
[PlyCount "67"]
[EventDate "1997.??.??"]

1. d4 d5 2. Bg5 c5 3. dxc5 f6 4. Bc1 e6 5. e3 Bxc5 6. c4 Ne7 7. Nc3 O-O 8. Nf3
Nbc6 9. a3 d4 10. Na4 b6 11. b4 Bd6 12. exd4 e5 13. c5 Bc7 14. Bc4+ Kh8 15.
dxe5 Qxd1+ 16. Kxd1 Nxe5 17. Nxe5 Bxe5 18. Ra2 Bd7 19. b5 bxc5 20. Nxc5 Bg4+
21. Be2 Nd5 22. Bd2 Bxe2+ 23. Kxe2 Rfe8 24. Kf3 Bd4 25. Rc1 Nb6 26. Nb3 Rad8
27. Ba5 Be5 28. Rd2 Rxd2 29. Nxd2 Bb2 30. Rc7 Bxa3 31. Rxa7 Nd5 32. Rd7 Nb4 33.
Nc4 Nc2 34. Rd2 1-0

[Event "Hamburg ch"]
[Site "?"]
[Date "1997.??.??"]
[Round "6"]
[White "Fries Nielsen, JO."]
[Black "Buhr, CC."]
[Result "1/2-1/2"]
[WhiteElo "2415"]
[BlackElo "2290"]
[PlyCount "41"]
[EventDate "1997.??.??"]

1. e4 c5 2. Nc3 Nc6 3. f4 g6 4. Nf3 Bg7 5. Bb5 Nd4 6. a4 a6 7. Bc4 e6 8. e5 d5
9. exd6 Qxd6 10. d3 Nf6 11. Ng5 O-O 12. O-O b6 13. Nce4 Qc6 14. c3 Nf5 15.
Nxf6+ Bxf6 16. Qf3 Bb7 17. Qxc6 Bxc6 18. Ne4 Be7 19. g4 Nd6 20. Nxd6 Bxd6 21.
Be3 1/2-1/2

[Event "Hamburg ch"]
[Site "?"]
[Date "1997.??.??"]
[Round "6"]
[White "Reddmann, H."]
[Black "Heinemann, T."]
[Result "1/2-1/2"]
[WhiteElo "2305"]
[BlackElo "2425"]
[PlyCount "56"]
[EventDate "1997.??.??"]

1. d4 Nf6 2. Bg5 c6 3. Bxf6 gxf6 4. c3 d5 5. Qc2 b6 6. Nf3 e6 7. Nbd2 Ba6 8. e4
Bxf1 9. Nxf1 Nd7 10. Ne3 Rc8 11. Rd1 Bg7 12. O-O O-O 13. Rfe1 Qc7 14. g3 Rfd8
15. c4 dxc4 16. Qxc4 b5 17. Qe2 Qb6 18. d5 c5 19. b3 a6 20. Kg2 Qb7 21. Nh4 f5
22. f3 fxe4 23. fxe4 Ne5 24. Nf3 Qe7 25. Nxe5 Bxe5 26. a4 Bd4 27. axb5 axb5 28.
dxe6 fxe6 1/2-1/2

[Event "Hamburg ch"]
[Site "?"]
[Date "1997.??.??"]
[Round "6"]
[White "Hegeler, F."]
[Black "Pajeken, W."]
[Result "1/2-1/2"]
[WhiteElo "2310"]
[BlackElo "2260"]
[PlyCount "57"]
[EventDate "1997.??.??"]

1. e4 Nf6 2. e5 Nd5 3. d4 d6 4. c4 Nb6 5. exd6 cxd6 6. Nc3 g6 7. Be3 Bg7 8. Rc1
O-O 9. b3 f5 10. Nf3 Nc6 11. d5 Ne5 12. Nxe5 Bxe5 13. Be2 f4 14. Bd4 Nd7 15.
Bg4 Bxd4 16. Be6+ Kg7 17. Qxd4+ Ne5 18. Bxc8 Qxc8 19. f3 b6 20. Ne4 Qf5 21. O-O
Kh6 22. h3 g5 23. Nf2 Kg6 24. Rce1 h5 25. Re4 Rae8 26. Nd3 Nxd3 27. Qxd3 Rf6
28. Rfe1 Kg7 29. Qd4 1/2-1/2

[Event "Hamburg ch"]
[Site "?"]
[Date "1997.??.??"]
[Round "6"]
[White "Ritscher, JP."]
[Black "Neffe, A."]
[Result "1/2-1/2"]
[WhiteElo "2320"]
[BlackElo "2230"]
[PlyCount "47"]
[EventDate "1997.??.??"]

1. d4 Nf6 2. Nd2 c5 3. e3 Nc6 4. Nb3 cxd4 5. exd4 d5 6. c3 Bf5 7. Bd3 Bxd3 8.
Qxd3 Qc7 9. Ne2 e6 10. Bf4 Qb6 11. O-O Be7 12. Rab1 O-O 13. Nd2 Rac8 14. Kh1
Rfe8 15. Nf3 a6 16. Ng5 Qb5 17. Qd1 Na5 18. Ng3 Nc4 19. Re1 Qa5 20. a3 b5 21.
Nh5 Nxh5 22. Qxh5 Bxg5 23. Qxg5 Qd8 24. Qg3 1/2-1/2

[Event "Hamburg ch"]
[Site "?"]
[Date "1997.??.??"]
[Round "6"]
[White "Engelbert, C."]
[Black "Gustafsson, J."]
[Result "1/2-1/2"]
[WhiteElo "2255"]
[BlackElo "2355"]
[PlyCount "59"]
[EventDate "1997.??.??"]

1. e4 g6 2. d4 d6 3. Nc3 c6 4. a4 Bg7 5. h3 Nf6 6. Nf3 O-O 7. Be2 Nbd7 8. O-O
e5 9. dxe5 dxe5 10. Be3 Qe7 11. Qd3 Nh5 12. Rfd1 Nf4 13. Qd6 Nxe2+ 14. Nxe2 Bf6
15. Qc7 Re8 16. a5 Nc5 17. Qxe7 Bxe7 18. Nxe5 Nxe4 19. a6 Nf6 20. Nc3 Bb4 21.
axb7 Bxb7 22. Nd7 Bxc3 23. bxc3 Nd5 24. Bd4 Bc8 25. Nf6+ Nxf6 26. Bxf6 Bf5 27.
Rd6 Bxc2 28. Ra6 Be4 29. Rd7 Bd5 30. Raxa7 1/2-1/2

[Event "Hamburg ch"]
[Site "?"]
[Date "1997.??.??"]
[Round "6"]
[White "von Buelow, G."]
[Black "Bathke, J."]
[Result "1/2-1/2"]
[WhiteElo "2290"]
[BlackElo "2235"]
[PlyCount "113"]
[EventDate "1997.??.??"]

1. e4 c5 2. Nf3 d6 3. d4 cxd4 4. Nxd4 Nf6 5. Nc3 g6 6. Be3 Bg7 7. f3 O-O 8. Qd2
d5 9. e5 Ne8 10. f4 f6 11. exf6 Nxf6 12. Be2 Nc6 13. O-O-O a6 14. h3 Na5 15.
Nb3 Be6 16. Nxa5 Qxa5 17. Bd4 b5 18. Qe3 Bf7 19. Bb6 Qb4 20. Bc5 Qa5 21. Bb6
Qb4 22. a3 Qd6 23. g4 Rac8 24. Bd4 b4 25. Be5 bxc3 26. Bxd6 cxb2+ 27. Kb1 exd6
28. Bf3 Rfe8 29. Qb6 Ne4 30. Bxe4 dxe4 31. Rxd6 e3 32. Re1 e2 33. Qf2 Bc4 34.
f5 Red8 35. Rxd8+ Rxd8 36. f6 Rd1+ 37. Kxb2 Rxe1 38. Qxe1 Bxf6+ 39. Kc1 Bg5+
40. Kb2 Bf6+ 41. c3 Bg5 42. Kc2 Bf4 43. h4 h6 44. Qf2 g5 45. h5 Kf7 46. Qa7+
Kf8 47. Qc5+ Ke8 48. Qc6+ Kd8 49. Qe4 Kd7 50. Qd4+ Ke7 51. Qf2 Ke8 52. Qg1 Be6
53. Qh1 Bg3 54. Qa8+ Ke7 55. Qb7+ Ke8 56. Qc6+ Ke7 57. Qc7+ 1/2-1/2

[Event "Hamburg ch"]
[Site "?"]
[Date "1997.??.??"]
[Round "6"]
[White "Voigt, M."]
[Black "Wendt, JD."]
[Result "0-1"]
[WhiteElo "2235"]
[BlackElo "2285"]
[PlyCount "114"]
[EventDate "1997.??.??"]

1. e4 c5 2. Nc3 Nc6 3. f4 g6 4. Nf3 Bg7 5. d3 d6 6. g3 e6 7. Bg2 Nge7 8. O-O
O-O 9. Be3 b6 10. e5 d5 11. Bf2 f6 12. exf6 Bxf6 13. Re1 Qd6 14. d4 c4 15. Qd2
Bg7 16. Ng5 a6 17. Nd1 Bd7 18. c3 Rae8 19. Ne3 b5 20. a3 a5 21. Ng4 Nf5 22.
Rad1 Kh8 23. Ne5 Nxe5 24. dxe5 Qc7 25. Ne4 Bc8 26. Nf6 Rd8 27. g4 Ne7 28. Bd4
Nc6 29. g5 Nxd4 30. Qxd4 Rf7 31. Qf2 Qa7 32. Rd4 Bf8 33. f5 gxf5 34. g6 Rg7 35.
Nxh7 Rxh7 36. gxh7 Bc5 37. Qf4 Rf8 38. Re3 Bxd4 39. cxd4 Qf7 40. Rg3 Bd7 41.
Bf3 Qe7 42. Rg5 Be8 43. Kf2 Qxh7 44. Rg4 fxg4 45. Qxf8+ Qg8 46. Qh6+ Qh7 47.
Qxe6 Qxh2+ 48. Bg2 Qf4+ 49. Kg1 Bf7 50. Qe7 g3 51. Qf6+ Qxf6 52. exf6 b4 53.
Bf1 Bg6 54. axb4 axb4 55. Be2 c3 56. bxc3 b3 57. f7 Kg7 0-1

[Event "Hamburg ch"]
[Site "?"]
[Date "1997.??.??"]
[Round "6"]
[White "Breyther, R."]
[Black "Trisic, A."]
[Result "1/2-1/2"]
[WhiteElo "2415"]
[BlackElo "2245"]
[PlyCount "123"]
[EventDate "1997.??.??"]

1. e4 c5 2. Nf3 d6 3. c3 Nf6 4. Be2 Nbd7 5. d3 g6 6. Nbd2 Bg7 7. O-O O-O 8. Re1
Qc7 9. Bf1 b6 10. Nc4 Bb7 11. Bg5 h6 12. Bf4 e5 13. Bd2 d5 14. exd5 Nxd5 15. a4
a6 16. Rc1 Rad8 17. b4 Rfe8 18. Qb3 N5f6 19. bxc5 bxc5 20. Nfxe5 Nxe5 21. Rxe5
Rxe5 22. Nxe5 Rb8 23. Nxg6 Bxg2 24. Qc4 Bd5 25. Qf4 Qxf4 26. Nxf4 Bc6 27. Be3
Bf8 28. d4 Ng4 29. Bxa6 Bxa4 30. d5 Bd6 31. Ra1 Bd7 32. Bd3 Ne5 33. Be4 f5 34.
Bg2 Kf7 35. h4 Rg8 36. Ra7 Ke7 37. Kf1 Rg4 38. Bh3 Rxh4 39. Bxf5 Rh1+ 40. Kg2
Re1 41. Ng6+ Kf6 42. Bxd7 Nxg6 43. Ra6 Nh4+ 44. Kh3 Rh1+ 45. Kg4 h5+ 46. Kxh5
Nf5+ 47. Kg4 Nxe3+ 48. fxe3 Ke5 49. c4 Rh6 50. Kf3 Rh7 51. Bg4 Rb7 52. Bh3 Rf7+
53. Ke2 Rh7 54. Bg2 Rg7 55. Bf3 Rb7 56. Kf2 Rb2+ 57. Be2 Rb7 58. Ra8 Rb8 59.
Ra7 Rf8+ 60. Bf3 Rh8 61. Rf7 Rh4 62. Rf4 1/2-1/2

[Event "Hamburg ch"]
[Site "?"]
[Date "1997.??.??"]
[Round "6"]
[White "Kroencke, M."]
[Black "Dankert, P."]
[Result "1/2-1/2"]
[WhiteElo "2185"]
[BlackElo "2305"]
[PlyCount "43"]
[EventDate "1997.??.??"]

1. e4 c5 2. Nf3 e6 3. d3 Nc6 4. g3 d5 5. Nbd2 Bd6 6. Bg2 Nge7 7. O-O b6 8. Re1
O-O 9. c3 Bc7 10. a3 a5 11. b3 Ba6 12. Bf1 Qd7 13. e5 d4 14. c4 Ng6 15. Bg2 Ra7
16. Ne4 Ngxe5 17. Nfg5 f5 18. f4 fxe4 19. fxe5 h6 20. Nxe4 Nxe5 21. Bf4 Ng6 22.
Bxc7 1/2-1/2

[Event "Hamburg ch"]
[Site "?"]
[Date "1997.??.??"]
[Round "6"]
[White "Maahs, E."]
[Black "Meyer, F."]
[Result "0-1"]
[WhiteElo "2235"]
[BlackElo "2290"]
[PlyCount "122"]
[EventDate "1997.??.??"]

1. e4 c5 2. Nc3 Nc6 3. f4 g6 4. Nf3 Bg7 5. Bb5 Nd4 6. O-O a6 7. Bc4 b5 8. Bd5
Ra7 9. e5 e6 10. Be4 d5 11. Bd3 Nc6 12. Be2 Qb6 13. d3 h5 14. Bd2 Nh6 15. Nh4
Rc7 16. Be1 Nd4 17. a4 b4 18. a5 Qb8 19. Na4 Bf8 20. Nb6 Be7 21. c3 Nxe2+ 22.
Qxe2 Bd7 23. Nxd7 Rxd7 24. cxb4 cxb4 25. d4 Qa7 26. Qd3 Rc7 27. Rd1 Kd7 28. Nf3
Nf5 29. g3 Rhc8 30. h3 Rc4 31. Bf2 Rc2 32. Rd2 R2c6 33. Ng5 Nh6 34. Nxf7 Nxf7
35. Qxg6 Rf8 36. Qxh5 Qc7 37. Be3 Rc1 38. f5 Rxf1+ 39. Kxf1 Nxe5 40. Rf2 Nc4
41. fxe6+ Kc6 42. Rxf8 Bxf8 43. Qe8+ Kb7 44. Bf4 Bd6 45. Qf7 Qxf7 46. exf7 Bf8
47. h4 Nxb2 48. Ke2 Kc6 49. h5 Kd7 50. h6 Ke7 51. h7 Bg7 52. Be5 Kxf7 53. h8=Q
Bxh8 54. Bxh8 Nc4 55. Kd3 Nxa5 56. Kc2 Nc4 57. Kb3 a5 58. g4 Kg6 59. Ka4 Nd2
60. Be5 b3 61. Ka3 a4 0-1

[Event "Hamburg ch"]
[Site "?"]
[Date "1997.??.??"]
[Round "6"]
[White "Lamprecht, F."]
[Black "Gara, A."]
[Result "1-0"]
[WhiteElo "2400"]
[BlackElo "2285"]
[PlyCount "67"]
[EventDate "1997.??.??"]

1. d4 Nf6 2. Nf3 g6 3. c4 Bg7 4. Nc3 O-O 5. e4 d6 6. Be2 e5 7. O-O Nc6 8. d5
Ne7 9. b4 Nh5 10. c5 f5 11. Qb3 h6 12. a4 Kh8 13. cxd6 cxd6 14. b5 Nf6 15. Nd2
fxe4 16. Ndxe4 Nexd5 17. Ba3 Nxe4 18. Nxe4 Nf4 19. Qe3 Bf5 20. Nxd6 Qg5 21. g3
Rad8 22. h4 Nxe2+ 23. Qxe2 Qf6 24. Nxf5 gxf5 25. Bxf8 Rxf8 26. Rad1 Qg6 27. Kh2
f4 28. Rg1 Qb6 29. Rd2 Qa5 30. Rd7 Qc3 31. Qg4 Rg8 32. gxf4 exf4 33. Rxb7 f3
34. Rxg7 1-0

[Event "Hamburg ch"]
[Site "?"]
[Date "1997.??.??"]
[Round "6"]
[White "Kues, H."]
[Black "Putzbach, G."]
[Result "1/2-1/2"]
[WhiteElo "2205"]
[BlackElo "2255"]
[PlyCount "127"]
[EventDate "1997.??.??"]

1. d4 d5 2. Bg5 c6 3. e3 Qb6 4. Qc1 Bf5 5. Nf3 h6 6. Bh4 Nd7 7. Be2 g5 8. Bg3
Bg7 9. O-O Ngf6 10. c4 Ne4 11. cxd5 cxd5 12. Nfd2 Nxg3 13. fxg3 Bg6 14. Nc3 Qc6
15. Nb3 O-O 16. Bf3 Be4 17. Bxe4 dxe4 18. Qc2 f5 19. g4 f4 20. exf4 Rxf4 21.
Rxf4 gxf4 22. Qxe4 Qxe4 23. Nxe4 Rc8 24. Rd1 Rc4 25. Nc3 Nb6 26. Kf2 e6 27. Kf3
Nd5 28. Nxd5 exd5 29. Kxf4 Bf6 30. Kf3 Kf7 31. Rc1 b5 32. Rc3 b4 33. Rd3 a5 34.
Nxa5 Rc2 35. Kf4 Rxg2 36. h3 Rxb2 37. Nc6 Ke6 38. Rb3 Rxa2 39. Rxb4 Ra3 40. g5
hxg5+ 41. Kg4 Re3 42. Rb6 Re4+ 43. Kf3 Rf4+ 44. Kg3 Kf5 45. Rb5 Ke4 46. Nb4 Rf5
47. Nxd5 Bxd4 48. Kg4 Rf1 49. Kxg5 Rg1+ 50. Kh5 Rg7 51. h4 Be5 52. Kh6 Ra7 53.
Nb4 Rf7 54. Nd5 Ra7 55. Nb4 Rf7 56. Nd5 Rd7 57. Kg5 Rg7+ 58. Kh6 Rf7 59. Kg6
Rg7+ 60. Kh6 Rg4 61. Rb4+ Kf3 62. Rxg4 Kxg4 63. h5 Kh3 64. Kg6 1/2-1/2

[Event "Hamburg ch"]
[Site "?"]
[Date "1997.??.??"]
[Round "7"]
[White "Heinemann, T."]
[Black "Movsziszian, K."]
[Result "1-0"]
[WhiteElo "2425"]
[BlackElo "2490"]
[PlyCount "81"]
[EventDate "1997.??.??"]

1. e4 g6 2. d4 Bg7 3. Nf3 d6 4. Nc3 Nf6 5. Be2 O-O 6. O-O Bg4 7. Be3 Nc6 8. Qd2
e5 9. dxe5 dxe5 10. Rad1 Qc8 11. Qc1 Rd8 12. Rxd8+ Qxd8 13. Rd1 Qf8 14. h3 Bxf3
15. Bxf3 a6 16. Rd2 Re8 17. a3 Bh6 18. Nd5 Nxd5 19. Rxd5 Bxe3 20. Qxe3 Qe7 21.
c3 Rd8 22. b4 Kg7 23. g3 Rd6 24. Kg2 f6 25. Bd1 Rxd5 26. exd5 Nd8 27. c4 b6 28.
Be2 Qd6 29. Qb3 Nb7 30. Qa4 a5 31. Bf3 f5 32. c5 bxc5 33. bxa5 e4 34. Be2 Qxd5
35. a6 e3+ 36. Kh2 Nd6 37. a7 Qa8 38. Qd7+ Kh6 39. Qxc7 Nc8 40. Qf4+ Kg7 41.
Qe5+ 1-0